III jornadas sobre políticas educativas en Filosofía en honor a Gregorio Weinberg: la Antifilosofía en la escuela media y la universidad
-д хадгалсан:
| Үндсэн зохиолч: | |
|---|---|
| Формат: | Ном |
| Хэл сонгох: | испани |
| Хэвлэсэн: |
Buenos Aires
Biblos
2015
|
| Хэвлэл: | 1a. ed |
| Нөхцлүүд: | |
| Шошгууд: |
Шошго нэмэх
Шошго байхгүй, Энэхүү баримтыг шошголох эхний хүн болох!
|
MARC
| LEADER | 00000cam a2200000 a 4500 | ||
|---|---|---|---|
| 001 | UCD7039 | ||
| 003 | CL-VaPUC | ||
| 008 | 170309e20150000ag |||||||||||||||||spa|d | ||
| 020 | |a 9789876913782 | ||
| 082 | 0 | 4 | |a 149.9 |b DUS |2 21 |
| 100 | 0 | |a Dussel, Enrique D |e author |9 590992 | |
| 245 | 1 | 0 | |a III jornadas sobre políticas educativas en Filosofía en honor a Gregorio Weinberg: la Antifilosofía en la escuela media y la universidad |
| 250 | |a 1a. ed | ||
| 300 | |a 380 p | ||
| 942 | |c BK | ||
| 945 | |d 20170309 22:28:00 |a dcastane | ||
| 260 | |a Buenos Aires |b Biblos |c 2015 | ||
| 650 | 0 | |a Libertad |9 255686 | |
| 650 | 0 | |a Escuelas filosóficas |9 266232 | |
| 650 | 0 | |a Autoridad |9 257105 | |
| 650 | 7 | |a PODER |2 CL-VaPUC |9 590993 | |
| 583 | |a last modification |c 20170309 22:28:00 |k Rodrigo Vera | ||
| 999 | |c 367206 |d 367204 | ||
| 952 | |0 0 |1 0 |3 erb |4 0 |6 149_900000000000000_DUS_2015 |7 0 |8 A |9 481925 |a BIBEDU |b BIBEDU |i 5363004 |o 149.9 DUS 2015 |p 5363004 |r 2019-11-24 |w 2019-11-24 |y BK |z Catalogado en:20170309 |k FIL | ||